| 000 | 01003nam a22002897a 4500 | ||
|---|---|---|---|
| 003 | CHAP | ||
| 005 | 20220329134344.0 | ||
| 008 | 971013s1983 r 00010 d | ||
| 010 | _a19249 | ||
| 011 | _a20221 | ||
| 035 | _a24309 | ||
| 040 | _cCHAP | ||
| 090 | _aFolleto 9761 (1983) | ||
| 110 |
_aAmerican Concrete Institute. Detroit, Mich. _95234 |
||
| 245 | _aRecommended practice for design and construction of concrete bins, siles, and bunkers for storing of granular materials (ACI 313-77) (Revised 1983) and commentary - ACI 313 R-77 | ||
| 260 |
_aDetroit, Mich., : _bThe Institute, _c1983 |
||
| 300 | _aca, 40 p | ||
| 490 |
_aACI Committee _v; 313 |
||
| 590 |
_aBATCH-UPD _b10 _c20130110 _lUCH01 _h1123 |
||
| 590 |
_aCONVERSION _b10 _c20130109 _lUCH01 _h1312 |
||
| 650 | 1 | 4 |
_aConcreto _xConstrucciones. _926304 |
| 650 | 1 | 4 |
_aSilos. _9105965 |
| 830 | 0 |
_aACI Committee _v; 313 _9562 |
|
| 901 | _aBK | ||
| 942 | _cFOLL | ||
| 949 |
_aFolleto 9761 (1983) _bBC _cFOLL _d-56065 _eTS1 _gI.129115 _i24309 _si |
||
| 999 |
_c19249 _d19249 |
||